|
|
|
|
| LEADER |
01186nam a2200277 a 4500 |
| 001 |
1744180 |
| 008 |
100413s1976 nyu b 000 0 eng d |
| 010 |
|
|
|a 75019779
|
| 020 |
|
|
|a 0275557006
|
| 040 |
|
|
|a DLC
|c DLC
|d DLC
|d BD-DhAAL
|
| 082 |
0 |
0 |
|a 301.35
|2 18
|
| 245 |
0 |
0 |
|a Rural communities :
|b inter-cooperation and development /
|c edited by Yehuda H. Landau ... [et al.].
|
| 260 |
|
|
|a New York :
|b Praeger,
|c 1976.
|
| 300 |
|
|
|a xxi, 166 p. ;
|c 24 cm.
|
| 490 |
0 |
|
|a Praeger special studies in international economics and development
|
| 500 |
|
|
|a Based on the proceedings of the French-Israeli conference on "Rural communities--inter-cooperation and development," held in Haifa, and Rehovot, Israel, May 13-18, 1973.
|
| 504 |
|
|
|a Includes bibliographical references.
|
| 541 |
1 |
|
|e 00001040
|
| 650 |
|
0 |
|a Community development.
|
| 650 |
|
0 |
|a Kibbutzim.
|
| 650 |
|
0 |
|a Agriculture, Cooperative.
|
| 650 |
|
0 |
|a Villages.
|
| 700 |
1 |
|
|a Landau, Yehuda H.,
|d 1917-
|
| 852 |
4 |
|
|a Ayesha Abed Library
|j General shelf
|
| 999 |
|
|
|c 8091
|d 8091
|
| 952 |
|
|
|0 0
|1 0
|2 ddc
|4 0
|6 301_350000000000000_RUR_1976
|7 0
|9 9214
|a BRACUL
|b BRACUL
|c GEN
|d 2010-04-13
|g 0.00
|l 0
|o 301.35 RUR
|p 3010001040
|r 2010-04-13
|t 1
|w 2010-04-13
|y BK
|